000
00287nam a22001337a 4500
008
170628b xxu||||| |||| 00| 0 eng d
020
_a
0231061072
041
_a
eng
080
_a
82
100
_a
21
101
_a
GJL
245
_a
LANGUAGE THE UNKNOWN
_c
KRISTEVA, J
942
_2
udc
_c
BK
999
_c
19302
_d
19302